000 00306nam a22001337a 4500
008 170215b xxu||||| |||| 00| 0 eng d
020 _a0826168329
041 _aeng
080 _a61
100 _a4
101 _aSHM
245 _aTOTAL QUALITY MANAGEMENT IN GERIATRIC CARE
_cMILLER, D.K
942 _2udc
_cBK
999 _c5541
_d5541